00300nam a2200109Ia 4500003000400000008004100004040001600045082001800061245004700079260005300126300001100179GCL140319s9999 xx 000 0 eng d aGCL / cGCL04a808.0668bM W10aWriting About Literatura: Aims And Process a[S.N] : bMacmillan Publishing Company ، c1987 a192 PP